Standard method of measurement of building works authorised by agreement between the Surveyors Institution, The National Federation of Building Trades Employers and The Institute of Builders (Record no. 87512)
[ view plain ]
| 000 -LEADER | |
|---|---|
| fixed length control field | 00912cam a2200217 4500 |
| 001 - CONTROL NUMBER | |
| control field | D9110 |
| 008 - FIXED-LENGTH DATA ELEMENTS--GENERAL INFORMATION | |
| fixed length control field | 090401t1927 xxu||||| |||| 00| 0 eng d |
| 035 ## - SYSTEM CONTROL NUMBER | |
| System control number | (Sirsi) u17445 |
| 041 ## - LANGUAGE CODE | |
| Language code of text/sound track or separate title | eng |
| 050 ## - LIBRARY OF CONGRESS CALL NUMBER | |
| Classification number | 692.3 |
| 110 ## - MAIN ENTRY--CORPORATE NAME | |
| Corporate name or jurisdiction name as entry element | The Surveyors` Institution |
| 9 (RLIN) | 3445 |
| 245 ## - TITLE STATEMENT | |
| Title | Standard method of measurement of building works authorised by agreement between the Surveyors Institution, The National Federation of Building Trades Employers and The Institute of Builders |
| 250 ## - EDITION STATEMENT | |
| Edition statement | 2nd ed. rev |
| 260 ## - PUBLICATION, DISTRIBUTION, ETC. | |
| Place of publication, distribution, etc. | London |
| Name of publisher, distributor, etc. | The Surveyors Institution |
| Date of publication, distribution, etc. | 1927 |
| 300 ## - PHYSICAL DESCRIPTION | |
| Extent | 73p. 24cm |
| 350 ## - PRICE (NR) (BK AM CF MU VM SE) [OBSOLETE] | |
| Price | 0.37 |
| 520 ## - SUMMARY, ETC. | |
| Summary, etc. | Filed at SMM 1927/1BC. This is SMM 2nd edition 1927. |
| 856 ## - ELECTRONIC LOCATION AND ACCESS | |
| Uniform Resource Identifier | <a href="https://www.rics.org/profession-standards/knowledge-and-information-services/document-delivery-and-other-kis-fees.html">https://www.rics.org/profession-standards/knowledge-and-information-services/document-delivery-and-other-kis-fees.html</a> |
| Public note | email [email protected] to request a copy (fees apply to non-members) |
| 942 ## - ADDED ENTRY ELEMENTS (KOHA) | |
| Suppress in OPAC | 0 |
| Source of classification or shelving scheme | Dewey Decimal Classification |
| 948 ## - LOCAL PROCESSING INFORMATION (OCLC); SERIES PART DESIGNATOR (RLIN) | |
| c (OCLC) | 04/03/1997 |
| Withdrawn status | Lost status | Damaged status | Not for loan | Home library | Current library | Shelving location | Date acquired | Cost, normal purchase price | Total Checkouts | Full call number | Barcode | Date last seen | Date last checked out | Copy number | Cost, replacement price | Price effective from | Koha item type | Public note |
|---|---|---|---|---|---|---|---|---|---|---|---|---|---|---|---|---|---|---|
| London | London | Archive copy | 14/09/1999 | 0.37 | 2 | SMM 1927/1 | 30029697 | 06/08/2019 | 05/09/2003 | 1 | 0.37 | 06/08/2019 | Book | |||||
| London | London | Archive copy | 09/01/1992 | 0.37 | SMM 1927/1 | 30032149 | 06/08/2019 | 2 | 0.37 | 06/08/2019 | Book | |||||||
| Virtual | Virtual | Online | 10/04/2025 | SCAN | 10/04/2025 | 3 | 10/04/2025 | Online material | Please contact [email protected] to request a digital copy (fees apply for non-members) |